000 00386nam a2200181Ia 4500
005 20240823061312.0
008 240823s9999||||xx |||||||||||||| ||und||
041 _aENGLISH
082 _A813.54 P5
100 _aTrevanian
245 0 _aShibumi
250 _a1st
260 _c2005
_bBroadway Paper
500 _aYES
650 _aStory
_bEnglish
942 _cBK
999 _c233198
_d233198